Fastest American Marathoners (Men) - Statistics

General Stats
  • This quiz has been taken 29 times
  • The average score is 5 of 10
Answer Stats
Race Time Answer % Correct
Boston Marathon, 2011 2:04:58 Ryan Hall
85%
Boston Marathon, 1982 2:08:52 Alberto Salazar
77%
Boston Marathon, 1979 2:09:27 Bill Rodgers
73%
Chicago Marathon, 2012 2:07:47 Dathan Ritzenhein
62%
Boston Marathon, 2014 2:08:37 Meb Keflezighi
62%
London Marathon, 2002 2:05:38 Khalid Khannouchi
50%
Boston Marathon, 1982 2:08:54 Dick Beardsley
38%
Chicago Marathon, 2006 2:08:56 Abdi Abdirahman
31%
Boston Marathon, 1994 2:08:47 Bob Kempainen
12%
Boston Marathon, 1983 2:09:00 Greg Meyer
8%
No matching quizzes found
Score Distribution
Percent of People with Each Score
Percentile by Number Answered
Your Score History
You have not taken this quiz